Fundamental of microbiology (Record no. 395828)

MARC details
000 -LEADER
fixed length control field 00518 a2200205 4500
005 - DATE & TIME
control field 20260127103327.0
008 - FIXED-LENGTH DATA ELEMENTS--GENERAL INFORMATION
fixed length control field 260122b |||||||| |||| 00| 0 eng d
020 ## - ISBN
International Standard Book Number 9789392193354
Price Rs. 2195.00
040 ## - CATALOGING SOURCE
Original cataloging agency VIVEKANANDA LIBRARY
082 ## - DDC NUMBER
Classification number 576
Book Number K119F
100 ## - MAIN ENTRY--PERSONAL NAME
Personal name Kagne, Suresh
245 ## - TITLE STATEMENT
Title Fundamental of microbiology
260 ## - PUBLICATION, DISTRIBUTION, ETC. (IMPRINT)
Name of publisher, distributor, etc Apex Publication
Date of publication, distribution, etc 2023
Place of publication, distribution, etc Jaipur
300 ## - PHYSICAL DESCRIPTION
Pages viii, 349
650 ## - Subject
Subject Microbiology
650 ## - Subject
Subject Microscopy
650 ## - Subject
Subject Microorganisms
700 ## - Added Entry Personal Name
Added Entry Personal Name Puri, Swati Suresh
942 ## - ADDED ENTRY ELEMENTS (KOHA)
Koha item type Books
Holdings
Withdrawn status Lost status Source of classification or shelving scheme Damaged status Not for loan Location (home branch) Sublocation or collection (holding branch) Shelving location Date acquired Koha issues (times borrowed) Koha full call number Accession No. Koha date last seen Koha item type
    Dewey Decimal Classification     VIVEKANANDA LIBRARY VIVEKANANDA LIBRARY Vivekananda Library 06/01/2026   576 K119F 444097 06/01/2026 Books
© Designed and Maintained by Vivekananda Library, MDU Rohtak